000 02316naa a2200349Ia 4500
003 OSt
005 20260413150955.0
008 260413s2015 xx 000 0 und d
040 _aFoundation University
_beng
_cFoundation University
_erda
050 _aCOA (CrSci-Th) LG 221 D35 A37
_bA5 C76 2006 B36
099 _a2438
100 _aBandigas, Cyril P.
_95169
_eauthor.
245 1 0 _aInternship at Foundation University Azagra and Palangoyan demonstration farms /
_cby Cyril P. Bandigas
260 _aDumaguete City :
_bFoundation University ;
_c2006.
264 _c2006.
_42006.
300 _3volume
_aiiii, 33 leaves :
_bill. (col.) ;
_c28 cm.
_fresource
336 _2rdacontent
_atext
_btxt
337 _2rdamedia
_aunmediated
_bn
338 _3rdacarrier
_avolume
_bnc
500 _aInternship report conducted at the Foundation University Demonstration Farms located in Azagra and Palangoyan.
502 _aUndergraduate thesis (Bachelor of Science in Agriculture Major in Crop Science) -- Foundation University, 2006.
504 _aIncludes bibliographical references and appendices.
520 _aThis internship report presents the experiences and competencies developed during the training at the Foundation University Demonstration Farms in Azagra and Palangoyan. It describes the various activities performed in crop and livestock production, including land preparation, planting, feeding management, animal care, and farm maintenance. The report also highlights the integration of different farming systems and the application of sustainable agricultural practices. Furthermore, it reflects on the knowledge and practical skills acquired, challenges encountered during the internship, and recommendations for improving farm operations and productivity.
650 _aAgriculture
_93264
_xDemonstration projects.
650 _aCrop production
_95170
_xManagement.
650 _aLivestock
_915493
_xManagement.
650 _aAgricultural education
_915450
_xInternship programs.
650 _aAgricultural extension work.
_915494
650 _aSustainable agriculture.
658 _aThesis 3 (Manuscript and Defense) :
_bAgriculture Major in Crop Science, Bachelor of Science in ;
_cCSC402.
942 _2lcc
_cTH
_hLG 221 D35 A37
_iA5 C76 2006 B36
_kCOA (CrSci-Th)
999 _c5739
_d5739